1484 1504 1073 1677 1932 1361 1000 1081 1008 1937 1059 1389 1103 1958 1980 1866 1729 1348 1701 1712 1823 1251 1405 1223 1481 1087 1945 1644 1567 1203 1002 1010 1438 1534 1383 1771 1319 1028 1354 1137 1413 1375 1702 1405 1620 1816 1677 1354 1185 1254 1133 1775 1046 1176 1056 1236 1539 1826 1629 1509 1839 1872 1151 1630 1112 1906 1909 1698 1484 1356 1187 1008 1202 1967 1065 1079 1801 1419 1176 1288 1933 1534 1874 1797 1105 1898 1745 1019 1741 1779 1461 1709 1810 1214 1176 1274 1696 1952 1041 BCNSPRNW ULIB Ver.6.0+V

เปลี่ยนเป็นภาษาไทย

Change to English
 แสดงรายละเอียดบรรณานุกรม
  กลับหน้าหลัก

Brief Record : Get Marc (ISO 2709) : E-mail record : QR code < ปิดหน้าต่าง
LEADER : 00000nam 2200000uu 4500
001    13399109902
003     ULIB
008    110418s2006||||th 000 0 eng d
020    9780443100017 (pbk.)
060 04 WE39^bP276o 2006
100 1  Parvizi, Javad.
245 10 Orthopaedic examination made easy /^cJavad Parvizi
260    Edinburgh :^bChurchill Livingstone Elsevier,^c2006
300    vi, 129 p. : ^bill. ;^c23 cm.
500    Includes index
650  2 Musculoskeletal Diseases^xdiagnosis
650  2 Musculoskeletal System^xinjuries^vHandbooks
650  2 Orthopedic Procedures^xmethods
945    ^p735^l0^i020353
995    Tossapron
999 ^a ใช้งานได้ทุกระบบ
รายการนี้ยังไม่มีแท็ก
คุณยังไม่ได้ล็อกอิน คุณสามารถมีกิจกรรมร่วมกับเว็บไซต์ได้ แต่ต้องล็อกอินก่อน ::
  ล็อกอิน

รายการสื่อสารสนเทศ

ลำดับที่ ประเภท เลขเรียก/บาร์โค้ด สถานที่ สถานะ
- ไม่พบข้อมูล -

BibComment


ยังไม่เคยถูกคอมเมนท์

คอมเมนท์ทรัพยากรรายการนี้
  คอมเมนท์: Orthopaedic exami..


 Copyright 2026. Bcnsprnw @Library